[Event "Santo Domingo La Raza op"]
[Site "Santo Domingo"]
[Date "2015.10.12"]
[Round "1"]
[White "Nova Gomez, Mario de Jesus"]
[Black "Mendez, Ruddy Antonio"]
[Result "0-1"]
[WhiteElo "1730"]
[BlackElo "2029"]
[PlyCount "74"]
[EventDate "2015.10.12"]
[EventType "swiss"]
[EventRounds "8"]
[EventCountry "DOM"]
[SourceTitle "CBM 169 Extra"]
[Source "ChessBase"]
[SourceDate "2015.12.18"]
[SourceVersion "1"]
[SourceVersionDate "2015.12.18"]
[SourceQuality "1"]

1. d4 Nf6 2. c4 e6 3. Nc3 Bb4 4. Bg5 h6 5. Bh4 c5 6. e3 Qa5 7. Nge2 Ne4 8. Qc2 cxd4 9. exd4 f5 10. f3 Nxc3 11. Nxc3 Bxc3+ 12. Qxc3 Qxc3+ 13. bxc3 b6 14. Bg3 Ke7 15. Bd3 Ba6 16. Rd1 Rc8 17. Be5 g6 18. g4 Bxc4 19. gxf5 exf5 20. Rg1 Kf7 21. Bb1 Nc6 22. Kf2 Re8 23. Rge1 Ne7 24. Bf4 Nd5 25. Bd2 Rec8 26. h4 h5 27. Rc1 Rc7 28. Kg3 Rac8 29. Bf4 Rc6 30. Red1 Be2 31. Rd2 Ba6 32. Bd3 Bxd3 33. Rxd3 Rxc3 34. Rdxc3 Nxc3 35. Kf2 Rc6 36. Ra1 Nd5 37. Bd2 Rc4 0-1

[Event "DOM-ch U20"]
[Site "Santo Domingo"]
[Date "2015.09.24"]
[Round "2"]
[White "Nova Gomez, Mario de Jesus"]
[Black "Bello, Darwin"]
[Result "0-1"]
[WhiteElo "1730"]
[BlackElo "1605"]
[PlyCount "120"]
[EventDate "2015.09.24"]
[EventType "swiss"]
[EventRounds "8"]
[EventCountry "DOM"]
[SourceTitle "EXT 2017"]
[Source "ChessBase"]
[SourceDate "2016.10.25"]
[SourceVersion "1"]
[SourceVersionDate "2016.10.25"]
[SourceQuality "1"]

1. d4 d5 2. c4 e6 3. Nf3 Nf6 4. Nc3 Be7 5. Bg5 h6 6. Bh4 b6 7. e3 Bb7 8. Bd3 Nbd7 9. Qc2 Rc8 10. 0-0 0-0 11. cxd5 Nxd5 12. Bxe7 Qxe7 13. e4 Nb4 14. Qd2 Nxd3 15. Qxd3 Rfd8 16. Rad1 Nf6 17. Qb1 c5 18. Rfe1 cxd4 19. Nxd4 Qc5 20. Nb3 Qh5 21. Rd3 Ng4 22. Rh3 Qe5 23. Rf1 Qf6 24. f4 Rd7 25. Rff3 Qe7 26. f5 exf5 27. Rxf5 Rcd8 28. Rg3 Nf6 29. e5 Nd5 30. Ne4 Nf4 31. Nf6+ Kh8 32. Nxd7 Ne2+ 33. Kf2 Nxg3 34. Kxg3 Qxd7 35. h3 Qd3+ 36. Qxd3 Rxd3+ 37. Kf2 Kg8 38. Rf4 Bd5 39. Rd4 Rxd4 40. Nxd4 Bxa2 41. Nc2 Kf8 42. Ke3 Ke7 43. Nd4 Bd5 44. g3 a6 45. Nc2 a5 46. Kd4 Bg2 47. h4 Ke6 48. Ne3 Bc6 49. Nc4 Kf5 50. Nd6+ Ke6 51. Nc4 Kf5 52. Nd6+ Kg4 53. Nxf7 Kxg3 54. Nd8 Bd7 55. e6 Be8 56. Kd5 Kxh4 57. e7 g5 58. Ne6 g4 59. Ng7 Bb5 60. Nf5+ Kh3 0-1

[Event "Santo Domingo Summer op"]
[Site "Santo Domingo"]
[Date "2015.07.26"]
[Round "8"]
[White "Nova Gomez, Mario de Jesus"]
[Black "Belliard Alonzo, Julio Cesar"]
[Result "0-1"]
[WhiteElo "1700"]
[BlackElo "1699"]
[PlyCount "119"]
[EventDate "2015.07.17"]
[EventType "swiss"]
[EventRounds "8"]
[EventCountry "DOM"]
[SourceTitle "EXT 2016"]
[Source "ChessBase"]
[SourceDate "2015.10.08"]
[SourceVersion "1"]
[SourceVersionDate "2015.10.08"]
[SourceQuality "1"]

1. e4 d5 2. exd5 Qxd5 3. Nc3 Qd8 4. Nf3 Nf6 5. d4 g6 6. Bc4 Bg7 7. h3 0-0 8. 0-0 c6 9. Bg5 Nbd7 10. Re1 Nb6 11. Bb3 h6 12. Bh4 g5 13. Bg3 g4 14. hxg4 Bxg4 15. Qd3 e6 16. Ne2 Bf5 17. Qe3 Ng4 18. Qd2 Nd5 19. Nh4 Bf6 20. Nxf5 exf5 21. Bxd5 cxd5 22. f3 Bg5 23. Bf4 Bxf4 24. Qxf4 Nf6 25. Qxh6 Nh7 26. Kf2 Qg5 27. Qh3 Rae8 28. Qg3 Qxg3+ 29. Nxg3 f4 30. Ne2 f5 31. Nxf4 Ng5 32. Ng6 Rxe1 33. Rxe1 Rf6 34. Ne7+ Kg7 35. Nxd5 Rc6 36. Re7+ Kg6 37. Rxb7 Rxc2+ 38. Kg3 Rd2 39. Nf4+ Kf6 40. d5 Ke5 41. Rg7 Rd4 42. Ne2 Rd2 43. f4+ Kf6 44. Rxa7 Rxe2 45. fxg5+ Kxg5 46. Rg7+ Kf6 47. Rb7 Rd2 48. Rb5 Kg5 49. a4 f4+ 50. Kf3 Rd3+ 51. Ke4 Re3+ 52. Kd4 Re2 53. d6+ Kg4 54. Kc5 Rxg2 55. d7 Rd2 56. Kc6 f3 57. Rb4+ Kg3 58. Rc4 f2 59. Rc1 Kg2 60. b4 0-1